=LDR 00000nam 2200000 4500 =001 INLIS000000000036563 =005 20201113064207 =035 ##$$a 0010-061300000036563 =008 201113################g##########0#ind## =041 ##$$a Ind =082 ##$$a 323.607 =090 ##$$a 323.607, Ser s =245 ##$$a Seri cerdas tangkas pendidikan kewarganegaraan kelas 1 semester 1, /$c X-Kanopi =260 ##$$a Jakarta :$b [ s.n ],$c 2011 =300 ##$$a 92 hlm : $b Ilus ; $c 20 x 14 cm =650 #4$$a Kewarganegaraan-Studi dan pengajaran =850 ##$$a NBPNMAT =084 ##$$a 323.607 SER s =990 ##$$a 05730573 =990 ##$$a 21101355